00346nam a2200109Ia 4500008004100000082002000041100002800061245002700089260003800116630001800154650006400172211109s9999||||xx |||||||||||||| ||und|| a894.8124bAYM.K aKrishna Kaimal, Aymanam 0aKsheenikkatha Maneesha bSimon & SchusteraNew Delhic1992 xGeneral stack aLiteraturevmalayalam literaturexMalayalam EssaysMalayalam